00535nam a2200193 a 4500001001300000003000900013005001700022008004100039020002700080082001600107100001500123245007800138260003400216300000900250500003500259505001000294650002200304700001500326nice12345678IN_TiNIC20260116014051.0050524s1995 pria grp 000 0 eng  a087850X c1280.3700a297.63bRUB aRubin, Uri aEye of the Beholderb the Life of Muhammad as Viewed By the Early Muslims aPrincetonbDarwin Pressc1995 a289p aincludes index and biblioraphy2 aIndex aMuhammad, Prophet1 aRubin, Uri